| 000 | 01137cam a2200313 i 4500 | ||
|---|---|---|---|
| 001 | 18160671 | ||
| 003 | USPCAS-E | ||
| 005 | 20180118181419.0 | ||
| 008 | 140522s2014 nju b 001 0 eng | ||
| 010 | _a 2014020214 | ||
| 020 | _a9781118889107 (cloth) | ||
| 040 |
_aDLC _beng _erda _cDLC _dDLC |
||
| 042 | _apcc | ||
| 050 | 0 | 0 |
_aTJ163.2 _b.L823 2014 |
| 082 | 0 | 0 |
_a621.310284 _223 _bLU-M 2014 |
| 100 | 1 | _aLu, Kathy. | |
| 245 | 1 | 0 |
_aMaterials in energy conversion, harvesting, and storage / _cKathy Lu. |
| 260 |
_aHoboken: _bWiley, _c2014. |
||
| 300 |
_axvi, 429 p ; _c25 cm. _bill. |
||
| 502 | _a. | ||
| 504 | _aIncludes bibliographical references and index. | ||
| 650 | 0 | _aPower resources. | |
| 650 | 0 | _aEnergy development. | |
| 650 | 0 | _aEnergy storage. | |
| 776 | 0 | 8 |
_iOnline version: _aLu, Kathy. _tMaterials in energy conversion, harvesting, and storage _dHoboken, New Jersey : John Wiley & Sons, Inc., [2014] _z9781118892350 _w(DLC) 2014020789 |
| 906 |
_a7 _bcbc _corignew _d1 _eecip _f20 _gy-gencatlg |
||
| 942 |
_2ddc _cBK |
||
| 999 |
_c355952 _d355952 |
||